Biblioteca y Centro de Documentación

Vista normal Vista MARC

Entrada Nombre corporativo

Número de registros utilizados en: 1

001 - NÚMERO DE CONTROL

  • Campo de control: 4404

003 - IDENTIFICADOR DE NÚMERO DE CONTROL

  • Campo de control: ES-MaCES

005 - FECHA Y HORA DE LA ULTIMA MODIFICACION

  • Campo de control: 20110711125200.0

008 - ELEMENTOS DE DATOS DE LONGITUD FIJA

  • Campo de longitud fija: 110711 | azznnaabn |n ana d

035 ## - NÚMERO DE CONTROL DEL SISTEMA

  • Número de control del sistema: CES20110001012e

040 ## - FUENTE DE LA CATALOGACIÓN

  • Agencia original de catalogación: ES-MaCES
  • Idioma de catalogación: spa
  • Agencia de transcripción: ES-MaCES

110 2# - ENCABEZAMIENTO--NOMBRE CORPORATIVO

  • Nombre corporativo o de jurisdicción como elemento de entrada: Juventud Sin Futuro

670 ## - FUENTE DE DATOS ENCONTRADOS

  • Fuente de citación: juventudsinfuturo.net
  • Información encontrada: : Juventud Sin Futuro es una iniciativa que nace de colectivos estudiantiles, siguiendo el ejemplo de las luchas encabezadas por la juventud en Europa y el Mundo Árabe para romper la apatía social ante la crisis y sus reformas

901 ## - CES. DATOS SIRTEX

  • ID Sirtex (N5N8): 0001800007520
  • 005BIS Sirtex: 201107111252ALORITE
© CES, Consejo Económico y Social de España 2021